Normal view
MARC view
Entry Personal Name
001 - CONTROL NUMBER
- control field: 8326
003 - CONTROL NUMBER IDENTIFIER
- control field: BD-RjUL
005 - DATE AND TIME OF LATEST TRANSACTION
- control field: 20230813124859.0
008 - FIXED-LENGTH DATA ELEMENTS
- fixed length control field: 230813|| aca||aabn | a|a d
040 ## - CATALOGING SOURCE
- Original cataloging agency: BD-RjUL
- Transcribing agency: BD-RjUL
100 ## - HEADING--PERSONAL NAME
- Personal name: االبلاذري، أحمد بن يحيى بن جابر، ;; Al-Balaziri, Ahmad bin Yahya bin Jabir,،
670 ## - SOURCE DATA FOUND
- Source citation: Work cat.: (BD-RjUL)81680: االبلاذري، أحمد بن يحيى بن جابر، ;; Al-Balaziri, Ahmad bin Yahya bin Jabir,،, کتاب فتوح البلدان ;; Kitabu Fatuh al-Buldan /